| 000 | 00745nam a22002177a 4500 | ||
|---|---|---|---|
| 005 | 20170427172913.0 | ||
| 010 | _aENG-117953 | ||
| 020 |
_a9789382381556 _c950.00 |
||
| 035 | _aEN-101485 | ||
| 037 | _bDBAD/PUB | ||
| 082 | _a863.099282 | ||
| 100 | _aBandyopadhyay,Sibaji | ||
| 245 |
_aGopal Rakhal dialectic/ _cby Sibaji Bandyopadhyay ; trancleted by Rani Ray [and] Nivedita Sen _bcolonialism and children's literature in Bangal / |
||
| 260 |
_aNew Delhi _bTulika Books _c2015 |
||
| 270 |
_a35A/1 Shahpur Jat _bNew Delhi _e110049 |
||
| 300 |
_axxii,325p. _c24cm(Hb) |
||
| 500 | _aIncludes bibliographical references and index | ||
| 700 | _a Ray, Rani | ||
| 700 | _a Sen, Nivedita | ||
| 942 |
_2ddc _cEN _h863.099282 _mBAN |
||
| 999 |
_c139343 _d139343 |
||